Statistics for UEFA Champions League Stadiums

Click here to take the quiz!

General Stats

  • This quiz has been taken 819 times
  • The average score is 26 of 145

Answer Stats

Answer% Correct
Old Trafford
84%
Anfield
81%
Emirates Stadium
76%
Allianz Arena
75%
Stamford Bridge
75%
Camp Nou
73%
Etihad Stadium
72%
San Siro
72%
Santiago Bernabéu Stadium
61%
Tottenham Hotspur Stadium
59%
Eleda Stadion
55%
King Power Stadium
51%
Signal Iduna Park
51%
Johan Cruyff Arena
49%
Allianz Stadium
48%
St James' Park
48%
Wanda Metropolitano
47%
Parc des Princes
46%
Stadio Olimpico
46%
Stadio Olimpico
46%
Red Bull Arena
45%
Orange Vélodrome
43%
Red Bull Arena
42%
Elland Road
38%
Olympia
38%
Estádio do Dragão
36%
BayArena
35%
Estádio da Luz
34%
Ibrox Stadium
33%
Celtic Park
32%
Jan Breydel Stadium
32%
Olympic Stadium
32%
Olympiastadion
31%
Stadio Giuseppe Meazza
31%
Veltins-Arena
31%
Mestalla Stadium
30%
Stadio Diego Armando Maradona
29%
San Mamés
25%
Parken Stadium
22%
Volkswagen Arena
22%
Stadion Feijenoord
21%
Borussia-Park
20%
Mercedes-Benz Arena
20%
VEB Arena
20%
Gazprom Arena
18%
Ramón Sánchez Pizjuán Stadium
18%
Estadio de la Cerámica
17%
Ewood Park
17%
Merkur-Arena
17%
Donbass Arena
16%
Stade Louis II
16%
Gewiss Stadium
15%
Stadio Artemio Franchi
14%
Estadio Benito Villamarín
13%
Philips Stadion
13%
Rajko Mitić Stadium
13%
Volksparkstadion
13%
Friends Arena
12%
Groupama Stadium
12%
Abanca-Riazor
11%
Estádio José Alvalade
11%
PreZero Arena
11%
Weser-Stadion
11%
Dacia Arena
10%
Stadion Maksimir
10%
Anoeta
9%
Arena Națională
9%
Balaídos
8%
Fritz-Walter-Stadion
8%
La Rosaleda
8%
Partizan Stadium
8%
St. Jakob-Park
8%
Visit Mallorca Stadium
8%
Vodafone Park
8%
Ak Bars Arena
7%
Allianz Stadion
7%
Matmut Atlantique
7%
Stadio Ennio Tardini
7%
Stadion Poljud
7%
Stockhorn Arena
7%
Türk Telekom Stadium
7%
Generali Arena
6%
Karaiskakis Stadium
6%
Otkritie Arena
6%
Rostov Arena
6%
Stadion Wankdorf
6%
Ülker Stadium
6%
Abe Lenstra Stadion
5%
AFAS Stadion
5%
Astana Arena
5%
Generali Česká pojišťovna Arena
5%
Ghelamco Arena
5%
Letzigrund
5%
Letzigrund
5%
Roazhon Park
5%
RZD Arena
5%
Stade Pierre-Mauroy
5%
De Grolsch Veste
4%
Groupama Aréna
4%
GSP Stadium
4%
Koning Willem II Stadion
4%
Lerkendal Stadion
4%
Lotto Park
4%
Sinobo Stadium
4%
Stade Bollaert-Delelis
4%
Stade de la Beaujoire
4%
Stade de la Mosson
4%
Aker Stadion
3%
Bolt Arena
3%
Borisov Arena
3%
Brøndby Stadium
3%
Estádio Municipal de Braga
3%
Krasnodar Stadium
3%
Ljudski vrt
3%
Luminus Arena
3%
Stade Abbé-Deschamps
3%
Apostolos Nikolaidis Stadium
2%
Bursa Büyükşehir Stadium
2%
Doosan Arena
2%
Estádio do Bessa
2%
Fatih Terim Stadium
2%
Gamla Ullevi
2%
MCH Arena
2%
Medical Park Stadyumu
2%
Sammy Ofer Stadium
2%
Stade Maurice Dufrasne
2%
Stadion Vivacom Arena
2%
Stadion Wojska Polskiego
2%
Aalborg Portland Park
1%
Antonis Papadopoulos Stadium
1%
Bloomfield Stadium
1%
Bloomfield Stadium
1%
Herman Vanderpoortenstadion
1%
Huvepharma Arena
1%
Nagyerdei Stadion
1%
NSC Olimpiyskiy
1%
Right to Dream Park
1%
Stadion Miejski Widzewa
1%
Štadión pod Dubňom
1%
Stadionul Dr.Constantin Rădulescu
1%
Tofiq Bahramov Republican Stadium
1%
Štadión Lokomotívy
0%
Stadionul Oțelul
0%
Stadionul Tineretului
0%
Stadium FC Petržalka 1898
0%

Score Distribution

Percentile by Number Answered

Percent of People with Each Score

Your Score History

You have not taken this quiz